Učitavanje...
Export management
| Glavni autor: | |
|---|---|
| Format: | Printed Book |
| Jezik: | Undetermined English |
| Izdano: |
Bombay
Himalaya Publishing House
1992
|
| Izdanje: | 6 |
| Teme: |
| LEADER | 00577nam a2200193Ia 4500 | ||
|---|---|---|---|
| 008 | 140306s9999 xx 000 0 und d | ||
| 041 | |a eng | ||
| 082 | |a 658.848 |b BAL/EX | ||
| 100 | |a Balagopal, T A S | ||
| 245 | |a Export management | ||
| 250 | |a 6 | ||
| 260 | |a Bombay |b Himalaya Publishing House |c 1992 | ||
| 300 | |a 346 | ||
| 365 | |b Rs.150 | ||
| 650 | |a Export pricing | ||
| 650 | |a International marketing | ||
| 942 | |2 ddc |c BK | ||
| 999 | |c 182415 |d 182415 | ||
| 952 | |0 0 |1 0 |2 ddc |4 0 |6 658_848000000000000_BAL_EX |7 0 |9 188126 |a KAUCBV |b KAUCBV |g 150.00 |o 658.848 BAL/EX |r 2014-03-22 |w 2014-03-22 |y BK | ||